Plant biochemistry (Record no. 11988)
[ view plain ]
| 000 -LEADER | |
|---|---|
| fixed length control field | 00605 a2200229 4500 |
| 001 - CONTROL NUMBER | |
| control field | 139309 |
| 003 - CONTROL NUMBER IDENTIFIER | |
| control field | OSt |
| 005 - DATE AND TIME OF LATEST TRANSACTION | |
| control field | 20251205105228.0 |
| 008 - FIXED-LENGTH DATA ELEMENTS--GENERAL INFORMATION | |
| fixed length control field | |
| 020 ## - INTERNATIONAL STANDARD BOOK NUMBER | |
| International Standard Book Number | 9780815341215 |
| 082 ## - DEWEY DECIMAL CLASSIFICATION NUMBER | |
| Classification number | 572.2 |
| Item number | B68P |
| 100 1# - MAIN ENTRY--PERSONAL NAME | |
| Personal name | Bowsher, Caroline |
| 245 1# - TITLE STATEMENT | |
| Title | Plant biochemistry |
| Statement of responsibility, etc | by Caroline Bowsher, Martin Steer and Alyson K Tobin |
| 260 ## - PUBLICATION, DISTRIBUTION, ETC. (IMPRINT) | |
| Place of publication, distribution, etc | New York |
| Name of publisher, distributor, etc | Garland science |
| Date of publication, distribution, etc | 2008 |
| 300 ## - PHYSICAL DESCRIPTION | |
| Extent | 446p. |
| 546 ## - LANGUAGE NOTE | |
| Language note | english |
| 650 ## - SUBJECT ADDED ENTRY--TOPICAL TERM | |
| Topical term or geographic name as entry element | Biochemistry |
| 653 ## - INDEX TERM--UNCONTROLLED | |
| Uncontrolled term | Botanical chemistry; Plant |
| 700 ## - ADDED ENTRY--PERSONAL NAME | |
| Personal name | Steer, Martin |
| 700 ## - ADDED ENTRY--PERSONAL NAME | |
| Personal name | Tobin, Alyson K |
| 942 ## - ADDED ENTRY ELEMENTS (KOHA) | |
| Source of classification or shelving scheme | Dewey Decimal Classification |
| Koha item type | Books |
| Withdrawn status | Lost status | Source of classification or shelving scheme | Damaged status | Not for loan | Collection code | Home library | Current library | Department | Date acquired | Source of acquisition | Cost, normal purchase price | Inventory number(Invoice/Date) | Full call number | Barcode | Date last seen | Price effective from | Koha item type |
|---|---|---|---|---|---|---|---|---|---|---|---|---|---|---|---|---|---|
| Dewey Decimal Classification | General Text Book | Central University Of Rajasthan | Central University Of Rajasthan | Biochemistry | 12/03/2014 | Pranay Books | 4900.32 | 140/22-8-13 | 572.2 B68P | 15180 | 21/11/2024 | 02/09/2020 | Books |
